000
00506nam a2200145Ia 4500
008
151213s9999 xx 000 0 und d
100
_a
আল মুজাহিদী।
245
_a
কাঁদো হিরোশিম্ াকাদো নাগাসাকি।
_c
আল মুজাহিদী।
260
_a
ঢাকা
_b
অস্তিত্ব।
_c
2000
300
_a
8722 p.
650
_a
Bangla
650
_a
গল্প
700
_a
আল মুজাহিদী।
999
_c
4508
_d
4508